[Event "Florianopolis op 2nd"]
[Site "Florianopolis"]
[Date "2016.01.19"]
[Round "5"]
[White "De Melo, Rosa Tiago"]
[Black "Sena Moura, Danielle"]
[Result "1/2-1/2"]
[WhiteElo "1644"]
[BlackElo "1857"]
[PlyCount "49"]
[EventDate "2016.01.16"]
[EventType "swiss"]
[EventRounds "10"]
[EventCountry "BRA"]
[SourceTitle "CBM 170 Extra"]
[Source "ChessBase"]
[SourceDate "2016.02.25"]
[SourceVersion "1"]
[SourceVersionDate "2016.02.25"]
[SourceQuality "1"]

1. e4 Nf6 2. e5 Nd5 3. d4 d6 4. Nf3 Bg4 5. Bc4 dxe5 6. dxe5 e6 7. 0-0 Be7 8. h3 Bh5 9. Bxd5 Qxd5 10. Qxd5 exd5 11. Nd4 0-0 12. Nc3 c6 13. Re1 Bg6 14. Nce2 c5 15. Nb5 Na6 16. c3 Rfd8 17. Nf4 Bc2 18. b3 d4 19. c4 Nb4 20. Nc7 Rac8 21. Ncd5 Nxd5 22. Nxd5 Re8 23. g4 Bh4 24. Bd2 a5 25. Rac1 1/2-1/2

[Event "Florianopolis op 2nd"]
[Site "Florianopolis"]
[Date "2016.01.18"]
[Round "4"]
[White "Schwertner, Joao Victor Moreir"]
[Black "De Melo, Rosa Tiago"]
[Result "0-1"]
[WhiteElo "1877"]
[BlackElo "1644"]
[PlyCount "50"]
[EventDate "2016.01.16"]
[EventType "swiss"]
[EventRounds "10"]
[EventCountry "BRA"]
[SourceTitle "CBM 170 Extra"]
[Source "ChessBase"]
[SourceDate "2016.02.25"]
[SourceVersion "1"]
[SourceVersionDate "2016.02.25"]
[SourceQuality "1"]

1. d4 Nf6 2. c4 g6 3. Nc3 Bg7 4. e4 d6 5. Be2 0-0 6. Nf3 e5 7. dxe5 dxe5 8. Bg5 c6 9. 0-0 Bg4 10. Qc2 Bxf3 11. Bxf3 Qc7 12. Rad1 Nbd7 13. b4 Rfd8 14. Rd2 Nf8 15. Rfd1 Ne6 16. Ne2 Nxg5 17. c5 Nxf3+ 18. gxf3 Rxd2 19. Qxd2 Kf8 20. Nc3 Ke8 21. Qc2 Rd8 22. Rb1 Qd7 23. Kg2 Nh5 24. Ne2 Qd2 25. Qc4 Rd3 0-1

[Event "BRA-ch U20"]
[Site "Blumenau"]
[Date "2014.12.13"]
[Round "5"]
[White "Castro Silva, Alex"]
[Black "De Melo, Rosa Tiago"]
[Result "1-0"]
[WhiteElo "1834"]
[BlackElo "1536"]
[PlyCount "61"]
[EventDate "2014.12.11"]
[EventType "swiss"]
[EventRounds "7"]
[EventCountry "BRA"]
[SourceTitle "EXT 2016"]
[Source "ChessBase"]
[SourceDate "2015.10.08"]
[SourceVersion "1"]
[SourceVersionDate "2015.10.08"]
[SourceQuality "1"]

1. e4 e6 2. d4 d5 3. e5 c5 4. c3 Nc6 5. Nf3 Qb6 6. a3 Bd7 7. b4 cxd4 8. cxd4 h5 9. Nc3 Rc8 10. Na4 Qc7 11. Nc5 Bxc5 12. bxc5 Nh6 13. Bd3 b6 14. Bxh6 Rxh6 15. Rc1 b5 16. 0-0 Na5 17. Qd2 Nb3 18. Qg5 Nxc1 19. Rxc1 Rh8 20. Qxg7 Rf8 21. Ng5 Bc6 22. Nh7 Qe7 23. Nxf8 Qxf8 24. Qh7 a5 25. Rb1 Rb8 26. Qxh5 Ke7 27. f4 b4 28. axb4 axb4 29. f5 b3 30. fxe6 fxe6 31. Rf1 1-0

[Event "BRA-ch U20"]
[Site "Blumenau"]
[Date "2014.12.12"]
[Round "3"]
[White "Boeira, Dimitri Ariel Pires"]
[Black "De Melo, Rosa Tiago"]
[Result "1-0"]
[WhiteElo "1739"]
[BlackElo "1536"]
[PlyCount "47"]
[EventDate "2014.12.11"]
[EventType "swiss"]
[EventRounds "7"]
[EventCountry "BRA"]
[SourceTitle "EXT 2016"]
[Source "ChessBase"]
[SourceDate "2015.10.08"]
[SourceVersion "1"]
[SourceVersionDate "2015.10.08"]
[SourceQuality "1"]

1. d4 Nf6 2. c4 g6 3. Nc3 Bg7 4. e4 d6 5. Be2 0-0 6. Nf3 e5 7. 0-0 Nc6 8. d5 Ne7 9. b4 Nd7 10. Nd2 f5 11. f3 f4 12. a4 a5 13. bxa5 Rxa5 14. Nb3 Ra8 15. a5 g5 16. Ba3 Rf6 17. c5 Ra6 18. cxd6 cxd6 19. Nb5 b6 20. Bxd6 bxa5 21. Bc7 Qe8 22. d6 Qh5 23. h3 Ng6 24. Qd5+ 1-0

[Event "Forquilhinha op"]
[Site "Forquilhinha"]
[Date "2013.10.11"]
[Round "3"]
[White "De Melo, Rosa Tiago"]
[Black "Bitencourt, Evandro Jose dos S"]
[Result "0-1"]
[WhiteElo "1783"]
[BlackElo "1797"]
[PlyCount "143"]
[EventDate "2013.10.10"]
[EventType "swiss"]
[EventRounds "7"]
[EventCountry "BRA"]
[SourceTitle "EXT 2014"]
[Source "ChessBase"]
[SourceDate "2013.11.20"]
[SourceVersion "1"]
[SourceVersionDate "2013.11.20"]
[SourceQuality "1"]

1. e4 c5 2. Nf3 d6 3. d4 cxd4 4. Nxd4 Nf6 5. Nc3 a6 6. Bg5 e6 7. f4 Be7 8. Qf3 Qc7 9. 0-0-0 b5 10. Bd3 Bb7 11. Rhe1 Nbd7 12. Qg3 h6 13. Qh3 0-0-0 14. Bxf6 gxf6 15. Qh5 Rdf8 16. Kb1 Qc5 17. Qxc5+ dxc5 18. Nf3 Rhg8 19. g3 c4 20. Bf1 Bb4 21. Re2 Bxc3 22. bxc3 Nc5 23. Rde1 Na4 24. Re3 Rd8 25. Nd4 Nxc3+ 26. Rxc3 Rxd4 27. a4 Rgd8 28. Kc1 Bxe4 29. axb5 axb5 30. Ra3 f5 31. Ra5 Rd2 32. Bd3 Rxh2 33. Bxe4 fxe4 34. Rxb5 Rd7 35. Rxe4 Rc7 36. c3 Rg2 37. Re3 Kd7 38. Rh5 Ra7 39. Kb1 Rb7+ 40. Kc1 Ra7 41. Kb1 Rb7+ 42. Ka1 Rbb2 43. Rxh6 Ra2+ 44. Kb1 Rgb2+ 45. Kc1 Rc2+ 46. Kb1 Rab2+ 47. Ka1 Rb3 48. Rh7 Ke7 49. g4 Rcxc3 50. Rxc3 Rxc3 51. g5 Rg3 52. Rh2 Rf3 53. Rh4 c3 54. Kb1 Rf2 55. Rh3 Rxf4 56. Rxc3 Rd4 57. Rf3 Rd5 58. Rg3 Kf8 59. g6 f5 60. Kc2 Kg7 61. Kc3 e5 62. Kc4 Rd4+ 63. Kc3 Rg4 64. Re3 e4 65. Kd4 Kxg6 66. Ke5 Rg1 67. Kf4 Rh1 68. Ke5 Rh4 69. Re1 e3 70. Rg1+ Kh5 71. Kd5 f4 72. Ke4 0-1